000 00469cam a2200169ua 4500
020 _c350.00
041 _aeng
_h
082 _a630.33
_bSRI/AG
100 _aSrivastava, Rajnish Chandra .
245 _aAgricultural markets and transport network /
_cRajnish Chandra Srivastava.
_hTextual Documents
260 _aNew Delhi :
_bRawat Publications ,
_c2006.
300 _a364 ;
_eCD.
365 _a350.00
504 _a
942 _cBK
999 _c13264
_d13264